| 000 | 00732nam0a22002411 4500 | ||
|---|---|---|---|
| 001 | rc\924064 | ||
| 005 | 20250622043907.0 | ||
| 035 | _a(NLR Aleph) 006097866 | ||
| 090 |
_a5227390 _c5227390 |
||
| 100 | _a20041129d1982 |||y0rusy50 ca | ||
| 101 | 0 | _arus | |
| 102 | _aRU | ||
| 105 | _aa ||||||||| | ||
| 200 | 1 | _aИспытания на надежность машин и их элементов | |
| 210 |
_aМ. _cМашиностроение _d1982 |
||
| 215 |
_a181 с. _cил. _d21 |
||
| 320 | _aБиблиогр.: с. 177-180 (88 назв.) | ||
| 700 | 1 |
_aКугель _bР.В. _gРафаил Викторович |
|
| 801 | 0 |
_aRU _bNLR _gpsbo |
|
| 801 | 1 |
_aRU _bELAR _2rusmarc |
|
| 852 |
_aNLR _j82-5/4384 |
||
| 942 | _cBOOK | ||
| 980 | _aNB | ||